000 00938nam a2200253Ia 4500
003 OSt
005 20220923215549.0
006 a|||||r|||| 00| 0
007 ta
008 220922b |||||||| |||| 00| 0 hin d
024 _a179,824
037 _cTextual
040 _aARTS
_cARTS
_bhin
041 _2hin
_ahin
082 _aO152,1J32:g(Y15), M1
100 _aशर्मा, योगेन्द्र नाथ, अरूण
_9162280
245 0 _aस्वयंभ् एवं तुलसी के नारी पात्र
246 _aSvayanbha evan tulasī ke nārī pātra
260 _aमेरठ
_b कल्पना प्रकाशन
_c1981
300 _a256 पृ.
_ccm.
650 _aहिन्दी साहित्य
_9156264
942 _hO152,1J32:g(Y15), M1
_cTEXL
_2CC
999 _c333205
_d333205